| 000 | 01276nam a2200373 i 4500 | ||
|---|---|---|---|
| 001 | 14872 | ||
| 003 | KOSZ 005 | ||
| 005 | 20200111110512.0 | ||
| 008 | 070618s1972 pl a f 000 0 pol | ||
| 015 | _aPB 1972/9631 | ||
| 035 | _a(OCoLC)830837312 | ||
| 040 |
_aWA N _cWA N _dKOSZ 005/EC _dKOSZ 005/RW |
||
| 046 | _k1965 | ||
| 080 | _a517 | ||
| 100 | 1 |
_aKrzyż, Jan _d(1923-2009) _eAutor |
|
| 245 | 1 | 0 |
_aZbiór zadań z funkcji analitycznych / _cJan Krzyż. |
| 250 | _aWydanie 3 zmienione i poprawione. | ||
| 260 |
_aWarszawa : _bPaństwowe Wydawnictwo Naukowe, _c1972. |
||
| 300 |
_a293, [2] strony : _bilustracje ; _c22 cm. |
||
| 336 |
_aTekst _btxt _2rdacontent |
||
| 337 |
_aBez urządzenia pośredniczącego _bn _2rdamedia |
||
| 338 |
_aWolumin _bnc _2rdacarrier |
||
| 380 | _aKsiążki. | ||
| 380 | _aPublikacje dydaktyczne | ||
| 388 | _a1901-2000 | ||
| 388 | _a1945-1989 | ||
| 504 | _aBibliografia na stronach 290-[291]. | ||
| 650 | 7 | _aFunkcje analityczne | |
| 655 | 7 | _aĆwiczenia i zadania dla szkół wyższych | |
| 658 | _aMatematyka | ||
| 710 | 2 |
_aPaństwowe Wydawnictwo Naukowe _4pbl. |
|
| 856 |
_uhttp://koha.tu.koszalin.pl/cgi-bin/koha/opac-detail.pl?biblionumber=14872 _yKatalog online BPK |
||
| 942 |
_2UKD _cKS |
||
| 999 |
_c14872 _d14872 |
||